• 首页
  • 本馆介绍
  • 公告通知
  • 最新文献
  • 馆藏检索
  • 电子资源
  • 读者导购
  • 参考咨询
  • 我的图书馆
  • 登录
  • 详细信息显示
  • 放入我的书架
  • 预约/预借图书
  • 作者相关作品
  • 分类相关作品
  • 丛书相关作品
  • 出版社相关作品

书目信息

  • 表格格式
  • 工作单格式
  • 卡片格式
题名:
金匮要略释义
    
 
作者: ;湖北中医学院 主编
分册:  
出版信息: 上海   上海人民出版社  1973
页数: 229页
开本: 19cm
丛书名: 中医临床参考丛书
单 册:
中图分类: R222.32
科图分类:
主题词:
电子资源:
ISBN: 14171.88
000 00766cam2 2200265 450
001 0105512226
005 20071204150448.0
010    @a14171.88@dCNY0.44
091    @a14171.88@dCNY0.44
100    @a19970228d1973 em y0chiy0110 ea
101 0  @achi
102    @aCN@b310000
105    @ay z 000yy
106    @ar
200 1  @a金匮要略释义@9Jin Kui Yao Lue Shi Yi @f湖北中医学院主编@b专著
210    @a上海@c上海人民出版社@d1973
215    @a229页@d19cm
225 2  @a中医临床参考丛书
410  0 @12001 @a中医临床参考丛书
605    @a《金匮要略方论》@x注释
690    @aR222.32@v3
711 02 @a湖北中医学院@9hu bei zhong yi xue yuan@4主编
801  0 @aCN@b广东省中山图书馆@c19970228
801  2 @aCN@bAiZhiMarc
905    @aBZT@dR222.32@e1@f5@sR222.32/1
    
    金匮要略释义/湖北中医学院主编.-上海:上海人民出版社,1973
    229页;19cm.-(中医临床参考丛书)
    
    
    ISBN 14171.88:CNY0.44
    
●
相关链接 在五车中查询图书 在当当中查询图书 在豆瓣中查询图书


正题名:金匮要略释义     索取号:R222.32/1         预约/预借

序号 登录号 条形码 馆藏地/架位号 状态 备注
1 2000034255   2000034255   旧书回溯/ [索取号:R222.32/1] 在馆    
2 2000045357   2000045357   旧书回溯/ [索取号:R222.32/1] 在馆    
3 2000111339   2000111339   旧书回溯/ [索取号:R222.32/1] 在馆    
4 2000112341   2000112341   旧书回溯/ [索取号:R222.32/1] 在馆    
5 2000146871   2000146871   旧书回溯/ [索取号:R222.32/1] 在馆    
山东省滨州职业学院图书馆 欢迎您!
大连网信软件有限公司© 版权所有